| 000 | 00540nam a22001577a 4500 | ||
|---|---|---|---|
| 003 | NUST | ||
| 082 | _a200 | ||
| 100 |
_aRaza, Ahmad _996789 |
||
| 245 |
_aAI Based Nonlinear Control Of Regenerative Fuel Cell, Supercapacitor, Battery And Wind Based DC Microgrid / _cAhmad Raza |
||
| 264 |
_aIslamabad : _bSEECS, NUST, _c2022. |
||
| 300 | _a73 p. ; | ||
| 650 |
_aMS-Electrical Engineering _923567 |
||
| 700 |
_aSupervisor: Dr. Iftikhar Ahmad Rana _996695 |
||
| 856 | _uhttp://10.250.8.41:8080/xmlui/handle/123456789/29031 | ||
| 942 |
_2ddc _cSC |
||
| 999 |
_c590870 _d590870 |
||